[Event "Reykjavik op"]
[Site "Reykjavik"]
[Date "2019.04.15"]
[Round "8"]
[White "Alashtar, Asef"]
[Black "Low, Zhen Yu Cyrus"]
[Result "0-1"]
[WhiteElo "1905"]
[BlackElo "2418"]
[PlyCount "110"]
[EventDate "2019.04.08"]
[EventType "swiss"]
[EventRounds "9"]
[EventCountry "ISL"]
[SourceTitle "CBM 189 Extra"]
[Source "ChessBase"]
[SourceDate "2019.06.03"]
[SourceVersion "1"]
[SourceVersionDate "2019.06.03"]
[SourceQuality "1"]

1. Nf3 g6 2. d4 Nf6 3. g3 Bg7 4. Bg2 d5 5. 0-0 0-0 6. c4 dxc4 7. Ne5 c5 8. dxc5 Qc7 9. Nxc4 Qxc5 10. Nba3 Nc6 11. Be3 Qh5 12. f3 b5 13. g4 Bxg4 14. fxg4 Nxg4 15. h3 Nxe3 16. Nxe3 Rad8 17. Qe1 Bxb2 18. Nac2 Bxa1 19. Qxa1 Qc5 20. Bxc6 Qxc6 21. Rf2 f6 22. Qb2 Rd2 23. Qb3+ Kg7 24. h4 Rc8 25. Qb4 Qd6 26. Qg4 Rc5 27. Ne1 Qd4 28. Qg3 Re5 29. N1g2 Rxa2 30. Kh2 Qd6 31. Nf4 Ra3 32. Rf3 Raxe3 33. Rxe3 Rxe3 34. Qxe3 g5 35. hxg5 fxg5 36. Qc3+ Kf7 37. Qb3+ e6 38. Qxb5 Qxf4+ 39. Kg2 Qe4+ 40. Kg3 Kf6 41. Qa6 Qe3+ 42. Kg2 h5 43. Qa1+ Qe5 44. Qf1+ Kg7 45. Qf3 h4 46. Qb7+ Kh6 47. Kf1 Qf4+ 48. Ke1 h3 49. Qc8 Qf6 50. Qc7 Qa1+ 51. Kd2 Qd4+ 52. Kc2 Qe4+ 53. Kd1 Qh1+ 54. Kd2 h2 55. Qf7 Qd5+ 0-1

[Event "Reykjavik op"]
[Site "Reykjavik"]
[Date "2019.04.09"]
[Round "2"]
[White "Alashtar, Asef"]
[Black "Eric, Jovana"]
[Result "1-0"]
[WhiteElo "1905"]
[BlackElo "2247"]
[PlyCount "43"]
[EventDate "2019.04.08"]
[EventType "swiss"]
[EventRounds "9"]
[EventCountry "ISL"]
[SourceTitle "CBM 189 Extra"]
[Source "ChessBase"]
[SourceDate "2019.06.03"]
[SourceVersion "1"]
[SourceVersionDate "2019.06.03"]
[SourceQuality "1"]

1. b3 e5 2. Bb2 d6 3. c4 Nd7 4. d4 Ngf6 5. Nd2 Be7 6. Qc2 c6 7. Ngf3 Qc7 8. e3 0-0 9. Bd3 Re8 10. 0-0 Bf8 11. Ng5 g6 12. f4 Bh6 13. Ndf3 Ng4 14. Rae1 f5 15. dxe5 dxe5 16. c5 Ngf6 17. e4 fxe4 18. Bxe4 b5 19. Bxg6 hxg6 20. Qxg6+ Bg7 21. Qf7+ Kh8 22. Nh4 1-0

[Event "Rochefort op-B 18th"]
[Site "Rochefort"]
[Date "2019.02.21"]
[Round "8"]
[White "Delabbey, Florian"]
[Black "Alashtar, Asef"]
[Result "1/2-1/2"]
[WhiteElo "1902"]
[BlackElo "1857"]
[PlyCount "68"]
[EventDate "2019.02.16"]
[EventType "swiss"]
[EventRounds "9"]
[EventCountry "FRA"]
[SourceTitle "CBM 189 Extra"]
[Source "ChessBase"]
[SourceDate "2019.06.03"]
[SourceVersion "1"]
[SourceVersionDate "2019.06.03"]
[SourceQuality "1"]

1. d4 d5 2. c4 c6 3. cxd5 cxd5 4. Bg5 h6 5. Bh4 Nc6 6. Nc3 Nf6 7. Bxf6 exf6 8. e3 Bb4 9. Bd3 0-0 10. Nge2 Be6 11. 0-0 a6 12. Nf4 Qd6 13. Qf3 Rfd8 14. Nce2 Qd7 15. h3 f5 16. Ng3 g6 17. Qe2 Bd6 18. Nxe6 Qxe6 19. Qf3 Rac8 20. Rac1 Ne7 21. Ne2 Kg7 22. Nf4 Qd7 23. g3 Bb8 24. Bc2 Bxf4 25. Qxf4 Qd6 26. Qxd6 Rxd6 27. Bb3 Rdc6 28. Rxc6 Rxc6 29. Rd1 Kf6 30. Rd2 Ke6 31. Rc2 Kd6 32. Kf1 g5 33. f4 f6 34. Ke2 Ke6 1/2-1/2

[Event "FRA-ch Students Blitz"]
[Site "Nancy"]
[Date "2018.02.04"]
[Round "7.2"]
[White "Delorme, Axel"]
[Black "Alashtar, Asef"]
[Result "1-0"]
[WhiteElo "2460"]
[BlackElo "1824"]
[PlyCount "59"]
[EventDate "2018.02.03"]
[EventType "swiss (blitz)"]
[EventRounds "15"]
[EventCountry "FRA"]
[SourceTitle "EXT 2019"]
[Source "ChessBase"]
[SourceDate "2018.10.10"]
[SourceVersion "1"]
[SourceVersionDate "2018.10.10"]
[SourceQuality "1"]

1. d4 Nf6 2. Nf3 d5 3. c4 c6 4. Qc2 g6 5. Bf4 Bg7 6. e3 0-0 7. Nc3 Bf5 8. Qb3 Qc8 9. Be2 dxc4 10. Bxc4 b5 11. Be2 Be6 12. Qc2 Nbd7 13. 0-0 Nh5 14. Bg5 Re8 15. Nd2 Nhf6 16. Nce4 Nxe4 17. Nxe4 h6 18. Bh4 Qb7 19. Rac1 f5 20. Nc3 Bd5 21. Nxd5 cxd5 22. Qc6 Qxc6 23. Rxc6 Bf6 24. Bg3 a6 25. Rfc1 Ra7 26. b3 Kf7 27. Kf1 Rea8 28. Ke1 b4 29. Kd2 e5 30. Bf3 1-0